| 000 | 00799cam a2200265 4500500 | ||
|---|---|---|---|
| 005 | 20260405003607.0 | ||
| 041 | _afre | ||
| 042 | _adc | ||
| 100 | 1 | 0 |
_aLacroix, Alexandre _eauthor |
| 245 | 0 | 0 | _aBaptiste Morizot : “Le monde va devenir chaotique, mais nous pouvons entrer en résistance” |
| 260 | _c2022. | ||
| 500 | _a70 | ||
| 690 | _aAction | ||
| 690 | _aBaptiste Morizot | ||
| 690 | _aCollectif | ||
| 690 | _aFragilité | ||
| 690 | _aGéo-ingénierie | ||
| 690 | _aPragmatisme | ||
| 690 | _aRelations | ||
| 690 | _aRéparation | ||
| 690 | _aTerre | ||
| 690 | _aVivant | ||
| 786 | 0 | _nPhilosophie magazine | 164 | 11 | 2022-11-01 | p. 36-37 | 1951-1787 | |
| 856 | 4 | 1 | _uhttps://shs.cairn.info/magazine-philosophie-magazine-2022-11-page-36?lang=fr&redirect-ssocas=7080 |
| 999 |
_c2069079 _d2069079 |
||